NFL Super Bowl Starters: 2024 - Statistics

General Stats
  • This quiz has been taken 139 times
  • The average score is 23 of 44
Answer Stats
Team Position Answer % Correct
San Francisco49ers WR DeeboSamuel
100%
San Francisco49ers QB BrockPurdy
99%
San Francisco49ers RB ChristianMcCaffrey
98%
San Francisco49ers WR BrandonAiyuk
95%
Kansas CityChiefs QB PatrickMahomes
95%
Kansas CityChiefs TE TravisKelce
93%
San Francisco49ers TE GeorgeKittle
92%
San Francisco49ers LT TrentWilliams
92%
San Francisco49ers DE NickBosa
88%
Kansas CityChiefs RB IsiahPacheco
86%
San Francisco49ers LB FredWarner
84%
Kansas CityChiefs DT ChrisJones
81%
Kansas CityChiefs WR RasheeRice
76%
Kansas CityChiefs C CreedHumphrey
68%
San Francisco49ers LB DreGreenlaw
66%
Kansas CityChiefs CB TrentMcDuffie
66%
Kansas CityChiefs TE NoahGray
63%
San Francisco49ers CB CharvariusWard
60%
Kansas CityChiefs LT DonovanSmith
58%
Kansas CityChiefs RG TreySmith
58%
Kansas CityChiefs CB L'JariusSneed
55%
San Francisco49ers FB KyleJuszczyk
53%
Kansas CityChiefs DE GeorgeKarlaftis
49%
Kansas CityChiefs LB NickBolton
48%
San Francisco49ers S Ji'AyirBrown
47%
Kansas CityChiefs S JustinReid
44%
Kansas CityChiefs WR MarquezValdes-Scantling
43%
San Francisco49ers DE ArikArmstead
35%
Kansas CityChiefs RT JawaanTaylor
34%
San Francisco49ers DT JavonHargrave
31%
San Francisco49ers CB DeommodoreLenoir
27%
Kansas CityChiefs LB WillieGay
27%
Kansas CityChiefs LB LeoChenal
24%
San Francisco49ers DT ChaseYoung
23%
San Francisco49ers RT ColtonMcKivitz
15%
San Francisco49ers C JakeBrendel
14%
Kansas CityChiefs LG NickAllegretti
13%
Kansas CityChiefs DE MikeDanna
12%
San Francisco49ers LG AaronBanks
10%
Kansas CityChiefs S MikeEdwards
10%
San Francisco49ers RG JonFeliciano
9%
San Francisco49ers S TashaunGipson
8%
Kansas CityChiefs DT MikePennel
7%
San Francisco49ers LB OrenBurks
5%
No matching quizzes found
Score Distribution
Percent of People with Each Score
Percentile by Number Answered
Your Score History
You have not taken this quiz